000 00716cab a2200229 4500
001 WB2943-06
008 090401t1993 xxu||||| |||| 00| 0 eng d
035 _a(Sirsi) u71918
041 _aeng
100 _aPatterson, T.
245 _aTime limit on liability
260 _c1993
350 _a0
490 _aCSW - The Property Week
_v45(7) 18 November 1993, 63(1)
520 _aThe contractor is only responsible for faults which appear in design or construction within six years in the UK but the EC is looking at five or ten years.
650 _aDEFECTS
650 _aHARMONISATION
650 _aLIABILITY
690 _aBUILT ENVIRONMENT-BUILDING CONTRACT FORMS
942 _n0
948 _c04/03/1997
999 _c45361
_d45361